Memoria leída en la Academia Matritense de Jurisprudencia y Legislación en la sesión pública celebrada el día 8 de noviembre de 1872 / (Record no. 166778)

MARC details
000 -LEADER
campo de control de longitud fija 00919nam a22002055i 4500
001 - NÚMERO DE CONTROL
campo de control 166778
003 - IDENTIFICADOR DE NÚMERO DE CONTROL
campo de control ES-MaACL
005 - FECHA Y HORA DE LA ÚLTIMA TRANSACCIÓN
campo de control 20250808232832.0
008 - DATOS DE LONGITUD FIJA--INFORMACIÓN GENERAL
campo de control de longitud fija 030610s1872 sp |||| | spa d
080 ## - NÚMERO DE LA CLASIFICACIÓN DECIMAL UNIVERSAL
Número de la Clasificación Decimal Universal 347.65/.68
100 1# - ENTRADA PRINCIPAL--NOMBRE DE PERSONA
Nombre de persona Ulloa y Vila, José.
9 (RLIN) 133446
245 10 - MENCIÓN DEL TÍTULO
Título Memoria leída en la Academia Matritense de Jurisprudencia y Legislación en la sesión pública celebrada el día 8 de noviembre de 1872 /
Mención de responsabilidad, etc. por José Ulloa y Vila.
260 ## - PUBLICACIÓN, DISTRIBUCIÓN, ETC.
Lugar de publicación, distribución, etc. Madrid :
Nombre del editor, distribuidor, etc. [s.n.],
Fecha de publicación, distribución, etc. 1872 (
Fabricante Imp. de José M. Ducazcal)
300 ## - DESCRIPCIÓN FÍSICA
Extensión 32 p. ;
Dimensiones 26 cm.
594 ## - Nota al título y mención de responsabilidad
Nota al título y mención de responsabilidad Tít. de la memoria: Derechos de los hijos sacrílegos en la sucesión de sus ascendientes
650 #7 - PUNTO DE ACCESO ADICIONAL DE MATERIA--TÉRMINO DE MATERIA
Término de materia o nombre geográfico como elemento de entrada Herencias y sucesiones
Fuente del encabezamiento o término embne
9 (RLIN) 135883
710 2# - ENTRADA AGREGADA--NOMBRE DE ENTIDAD CORPORATIVA
Nombre de entidad corporativa o nombre de jurisdicción como elemento de entrada Academia Matritense de Jurisprudencia y Legislación.
9 (RLIN) 1204
852 4# - LOCALIZACIÓN
Ubicación ES-MaACL
Nota libre T-153-F-10
-- - Enc. hol., falto de la enc. original
-- - Enc. en un vol. facticio
Holdings
Estatus retirado Estado de pérdida Estado de daño No para préstamo Colección Biblioteca de origen Biblioteca actual Ubicación en estantería Fecha de adquisición Total de préstamos Signatura topográfica completa Código de barras Visto por última vez Precio de reemplazo Tipo de ítem Koha
        Colección de folletos Biblioteca del Ateneo de Madrid Biblioteca del Ateneo de Madrid Depósito folletos 17/01/2008   T-153-F-10 1174915 23/02/2023 23/02/2023 Folleto